00415nam a2200157Ia 45000010006000000050017000060080041000230410008000640820020000721000022000922450084001142600009001983000034002076500008002416540008002491359320260306164812.0260306t2010||||xx |||||||||||||| ||spa|| aESP a005.1bB95 V. 1 aBusby, JasoneAUT 0aMastering unreal technology:bintroduction to level design with unreal engine 3 c2010 axiii, 890 páginas :c23 cm. aGEN aCCC